000 00518cam a22001934a 4500
005 20250827113855.0
008 250528s ||||||||||||||||||||||||d
035 _a22420
020 _a9789605080341
040 _aGR-AtMCL
_bgre
_dGR-AtMCL
_eAACR2
245 1 _aΚΡΥΠΤΟΓΡΑΦΙΑ & ΑΣΦΑΛΕΙΑ ΔΙΚΤΥΩΝ / ΑΡΧΕΣ & ΕΦΑΡΜΟΓΕΣ
250 _a1
260 _bΊων,
_c2012
300 _a763
700 1 _aStallings, William
_91498
942 _cBK
999 _c7472
_d7472